000 02213nam a2200289Ia 4500
005 20140410171918.0
008 130821s1955 xxua gs mul
040 _aCo-BoUCM
_bspa
041 0 0 _aspa
_aeng
092 _aDVD 0206
245 1 0 _aRebelde sin causa
_c[DVD]
_c[dirigida por] Nicholas Ray
260 _aWashington D.C. (Estados Unidos)
_bWarner Bros
_c1955
300 _a1 DVD (111 min. )
_bson., color
500 _aSINOPSIS : Jimmy Stark (James Dean), estudiante de instituto, es un chico particularmente difícil: confuso y desorientado, se ve frecuentemente envuelto en peleas y conflictos, a consecuencia de los cuales su familia,en la cual es el hijo único, se ve obligada a un permanente peregrinaje de una ciudad a otra. Llegado a una nueva localidad, en la que también encontrará nuevos sentimientos hasta entonces desconocidos (el amor, de Judy Natalie Wood; y la amistad admirativa de Platón' Crawford (Sal Mineo), un muchacho aún más joven que él), no tarda en sostener su enésimo enfrentamiento, aunque, en esta ocasión, las consecuencias serán mucho más terribles...
508 _aCREDITOS : Dirección, Nicholas Ray; Guión, Stewart Stern; basado en un argumento de Nicholas Ray; Producción, David Weisbart; Música, Leonard Rosenman; Fotografía, Ernest Haller; Montaje, William Ziegler; Dirección artística, Malcolm Bert; Vestuario, Moss Mabry.
511 _aJames Dean (Jim Stark), Natalie Wood (Judy), Sal Mineo (John 'Platón' Crawford), Jim Backus (Frank Stark), Ann Doran (Sra. Stark), Corey Allen (Buzz Gunderson), William Hopper (Padre de Judy), Rochelle Hudson (Madre de Judy), Dennis Hopper (Goon), Edward Platt (Ray), Steffi Sidney (Mil).
546 _aAudio en Inglés. Subtítulos en Inglés, Portugués y Español.
650 0 4 _aAdolescencia en el cine
_vDVD
_98631
650 0 4 _aEntretenimiento
_926487
650 0 4 _aPelículas cinematográficas
_zEstados Unidos
_vDVD
_97903
650 0 4 _aSociología
_9386
700 1 _aRay, Nicholas
_edir.
710 2 _aWarner Bros. Pictures
765 _tRebel without a cause
856 0 4 _uhttp://www.youtube.com/watch?v=52i-lqfn0ws
_zSiga este vínculo para ver el trailer.
942 _cMULTIMEDIA
_2LOCAL
_a5
_e1
999 _c52117
_d52117